Word Ladder: Playing with Fire Quiz Stats

 Plays Quiz Updated Jun 29, 2015

Challenge
Share
Tweet
Embed
Score 0/30 Timer 03:00
0 Plays Today
Clue 4-Letter Word % Correct
Pants supportBELT
95%
Attack a flySWAT
94.9%
Golfer's targetHOLE
94.6%
GraspHOLD
92.6%
Fire_____, computer protectionWALL
92.4%
Take the busRIDE
91.7%
Fire_____, hydrant attachmentHOSE
91.7%
Mr. E. CoyoteWILE
91.3%
Get upRISE
90.9%
Ottoman or bench, e.g.SEAT
89.9%
Shade of pinkROSE
89.8%
DeterminationWILL
89.6%
Cow locatorBELL
88.8%
Rock back and forthSWAY
88.4%
Tuckered outBEAT
87.6%
Clue 4-Letter Word % Correct
Prepares to shootAIMS
85.9%
Fire_____, FDR's chatting placeSIDE
85.4%
Father, your majestySIRE
85.1%
Donned, as clothingWORE
85%
Fire_____: action movie effectBALL
84.8%
Elton John and Paul McCartney, e.g.SIRS
84.2%
Fire _____, stinging insectsANTS
83.6%
VentilatesAIRS
82.9%
A race may come down to oneWIRE
81.6%
Fire_____, combat suppliesARMS
79.1%
Crafts' mateARTS
77.5%
Bonnet, to an American driverHOOD
75.9%
Fire_____, hearth fuelWOOD
74.5%
Fire _____: ''Shoot!''AWAY
72.7%
Component of certain laddersWORD
71.6%

Today's Daily Dose

Quick Pick
The Muppets

On This Day
December 19th II

You're not logged in!

Compare scores with friends on all Sporcle quizzes.
OR
Log In

You Might Also Like...

Show Comments

Extras

Top Quizzes Today


Score Distribution

Your Account Isn't Verified!

In order to create a playlist on Sporcle, you need to verify the email address you used during registration. Go to your Sporcle Settings to finish the process.

Report this User

Report this user for behavior that violates our Community Guidelines.

Details: